Tilastot visalle Yleistieto #4

Klikkaa tästä pelataksesi tätä visaa!

Yleistilastot

  • Tätä visaa on pelattu 1 606 kertaa
  • Keskiarvotulos 9 / 15

Vastaustilastot

VinkkiVastaus% Oikein
Kuka on Suomen pitkäaikaisin presidentti?Urho Kekkosen
94%
Minkä autovalmistajan malli on Focus?Fordin
84%
Kenen hitti on " Billie Jean"?Michael Jacksonin
78%
Missä Yhdysvaltojen osavaltiossa on Disneyland?Kaliforniassa
71%
Mikä on Pohjois-Amerikan pisin joki?Mississippi
71%
Mikä on Afrikan suurin maa?Algeria
68%
Mistä kaupungista Popeda on kotoisin?Tampereelta
67%
Kenen lempinimi on "Material Girl"?Madonnan
66%
Minkä maalainen on Shakira?Kolumbialainen
62%
Mikä eläin on latinaksi canis lupus?Susi
61%
Mikä on Serbian pääkaupunki?Belgrad
48%
Mille maalle kuuluvat Galapagos saaret?Ecuadorille
33%
Kuka ohjasi "Kummisetä"-elokuvat?Francis Ford Coppola
32%
Missä oli kesäolympialaiset vuonna 1988?Soulissa
29%
Kuka kirjoitti kirjan "Teurastamo 5"?Kurt Vonnegut
13%

Tulosjakauma

Persentiili vastausten määrän mukaan

Jokaisen tuloksen saaneiden osuus

Tuloshistoriasi

Et ole pelannut tätä visaa